Postacie historyczne po ich cytatach - Statystyki

Ogólne statystyki
  • Ten quiz został rozwiązany 21 razy
  • Średni wynik to 3 z 12
Statystyki odpowiedzi
Wskazówka Odpowiedź % Poprawnych
"Myślę, więc jestem". Kartezjusz
74%
"Panta rhei". Heraklit
53%
"Carpe diem". Horacy
47%
"Fiat lux". (podaj księgę, z której pochodzi owa sentencja) Biblia
26%
"Kto walczy z potworami, ten niechaj baczy, by sam przytem nie stał się potworem". Friedrich Nietzsche
16%
"Jeśli mówisz prawdę, nie musisz niczego pamiętać". Mark Twain
16%
"Jeśli chcesz wieść szczęśliwe życie, powiąż je z celem, a nie z ludźmi czy rzeczami". Albert Einstein
11%
"Podróż tysiąca mil zaczyna się od jednego kroku". Lao Tzu
11%
"Ludzie mają zbyt mało czasu, aby cokolwiek poznać. Kupują w sklepach rzeczy gotowe. A ponieważ nie ma magazynów z przyjaciółmi, więc ludzie nie mają przyjaciół". Antonie de Saint Exupery
5%
"Nie martw się tym, że idziesz wolno. Martw się tym, jeśli stoisz w miejscu". Konfucjusz
5%
„Jeżeli Bóg stworzył człowieka na obraz i podobieństwo swoje, człowiek oddał mu wet za wet”. (Podaj angielskie imię) Voltaire
5%
"Tracisz 100% strzałów, których nie oddajesz". Wayne Gretzky
5%
Nie znaleziono quizów pasujących do podanych kryteriów
Rozkład punktacji
Procent ludzi z każdym wynikiem
Percentyl według liczby udzielonych odpowiedzi
Twoja historia wyników
Nie rozwiązałeś tego quizu